[Event "1st Tilburg Interpolis it"]
[Site "Tilburg NED"]
[Date "1977.10.04"]
[Round "10"]
[White "Timman, Jan"]
[Black "Hort, Vlastimil"]
[Result "1/2-1/2"]
[WhiteElo "2590"]
[BlackElo "2620"]
[EventDate "1977.09.23"]
[PlyCount "47"]

1. e4 c5 2. Nf3 d6 3. d4 cxd4 4. Nxd4 Nf6 5. Nc3 Nc6 6. Bg5 e6 7. Qd2 a6 8.
O-O-O h6 9. Be3 Bd7 10. f4 Qc7 11. Kb1 Be7 12. Bd3 Rc8 13. Rhe1 Nxd4 14. Bxd4
e5 15. Bf2 O-O 16. h3 Bc6 17. g4 exf4 18. Qxf4 Nd7 19. h4 Ne5 20. g5 h5 21. Bd4
b5 22. Rc1 Rfe8 23. Nd5 Bxd5 24. exd5 1/2-1/2

[Event "1st Tilburg Interpolis it"]
[Site "Tilburg NED"]
[Date "1977.10.06"]
[Round "11"]
[White "Andersson, Ulf"]
[Black "Miles, Anthony John"]
[Result "1-0"]
[WhiteElo "2565"]
[BlackElo "2555"]
[EventDate "1977.09.23"]
[PlyCount "71"]

1. c4 c5 2. g3 g6 3. Bg2 Bg7 4. Nc3 Nc6 5. e3 Nh6 6. Nge2 Nf5 7. b3 a6 8. Bb2
O-O 9. d3 d6 10. O-O Bd7 11. Qd2 Rb8 12. Ne4 Qa5 13. Bc3 Bxc3 14. N4xc3 b5 15.
Rfe1 Rfc8 16. Rad1 Qd8 17. Nd5 Qf8 18. d4 bxc4 19. dxc5 dxc5 20. bxc4 Be8 21.
Nec3 Qg7 22. Ne4 Kh8 23. Rb1 Ne5 24. Rxb8 Rxb8 25. Qa5 Nd3 26. Rd1 Nb2 27. Qc7
Ra8 28. Rc1 Nd3 29. Rc3 Nb4 30. Nb6 Nd6 31. Rc1 Qb2 32. Rf1 Bc6 33. Nxd6 Bxg2
34. Kxg2 Rf8 35. Qxe7 Kg8 36. Nd7 1-0

[Event "1st Tilburg Interpolis it"]
[Site "Tilburg NED"]
[Date "1977.10.06"]
[Round "11"]
[White "Balashov, Yury"]
[Black "Timman, Jan"]
[Result "1-0"]
[WhiteElo "2565"]
[BlackElo "2590"]
[EventDate "1977.09.23"]
[PlyCount "91"]

1. e4 d6 2. d4 Nf6 3. Nc3 g6 4. f4 Bg7 5. Nf3 O-O 6. Be3 b6 7. e5 Ng4 8. Bg1 c5
9. h3 Nh6 10. d5 Nf5 11. Bf2 dxe5 12. fxe5 Nd7 13. Qe2 Bb7 14. O-O-O Qb8 15. g4
Nd4 16. Nxd4 cxd4 17. Bxd4 Bxe5 18. Bg2 Bxd4 19. Rxd4 Qd6 20. Re1 Rfe8 21. Nb5
Qg3 22. Qe3 Qh2 23. Qf4 Qxf4+ 24. Rxf4 Rac8 25. Nxa7 Ra8 26. Nc6 Rxa2 27. Rxe7
Ra1+ 28. Kd2 Rxe7 29. Nxe7+ Kf8 30. Nc6 Rg1 31. Rf2 Ba6 32. b3 Nc5 33. Ne5 Ke7
34. g5 Bc8 35. Rxf7+ Ke8 36. Rf2 Bf5 37. d6 Be4 38. b4 Rxg2 39. Rxg2 Bxg2 40.
bxc5 bxc5 41. h4 Bh3 42. Ke3 Bf5 43. c3 Kd8 44. Kf4 Ke8 45. Nc4 Kd7 46. Ke5 1-0

[Event "1st Tilburg Interpolis it"]
[Site "Tilburg NED"]
[Date "1977.10.06"]
[Round "11"]
[White "Huebner, Robert"]
[Black "Gligoric, Svetozar"]
[Result "1-0"]
[WhiteElo "2600"]
[BlackElo "2565"]
[EventDate "1977.09.23"]
[PlyCount "133"]

1. c4 Nf6 2. Nc3 c5 3. g3 e6 4. Nf3 b6 5. Bg2 Bb7 6. O-O Be7 7. d4 cxd4 8. Qxd4
O-O 9. e4 d6 10. b3 Nbd7 11. Qe3 a6 12. Bb2 Qc7 13. h3 Rfe8 14. Rae1 Bf8 15.
Kh2 Ne5 16. Qe2 Nxf3+ 17. Qxf3 Nd7 18. Qe2 Bc6 19. a4 Rac8 20. Qd1 Qb8 21. Re3
b5 22. cxb5 axb5 23. axb5 Bxb5 24. Nxb5 Qxb5 25. Rfe1 Qb4 26. Bf1 Rc7 27. Qd4
Rb8 28. Qxb4 Rxb4 29. Ba3 Rb8 30. Rd1 Nc5 31. b4 Na4 32. b5 Rc2 33. Kg2 d5 34.
exd5 Nc3 35. Rc1 Rxc1 36. Bxc1 Nxd5 37. Rb3 Bc5 38. Bd3 h5 39. Bb2 Rd8 40. h4
g6 41. Be4 Nb6 42. Bc1 Bd4 43. Ba3 Nc4 44. Be7 Rc8 45. Rd3 e5 46. Bd5 Kg7 47.
Bb4 Rc7 48. Rd1 Nb6 49. Bc6 Nc8 50. Rd2 f6 51. f4 Ra7 52. fxe5 fxe5 53. Rc2 Ne7
54. Bc5 Bxc5 55. Rxc5 Ra2+ 56. Kf3 Rb2 57. Rxe5 Nf5 58. Bd7 Kf6 59. Re6+ Kf7
60. Ra6 Rb3+ 61. Kf4 Rb4+ 62. Ke5 Nxg3 63. b6 g5 64. hxg5 h4 65. Bc6 Nh5 66. b7
Nf4 67. Ra8 1-0

[Event "1st Tilburg Interpolis it"]
[Site "Tilburg NED"]
[Date "1977.10.06"]
[Round "11"]
[White "Kavalek, Lubomir"]
[Black "Smyslov, Vassily"]
[Result "1/2-1/2"]
[WhiteElo "2545"]
[BlackElo "2595"]
[EventDate "1977.09.23"]
[PlyCount "32"]

1. e4 e5 2. Nf3 Nf6 3. Nxe5 d6 4. Nf3 Nxe4 5. Qe2 Qe7 6. d3 Nf6 7. Bg5 Qxe2+ 8.
Bxe2 Be7 9. Nc3 h6 10. Bf4 Bg4 11. h3 Bh5 12. O-O-O Nbd7 13. Rhe1 O-O-O 14. Nd4
Bxe2 15. Rxe2 Rhe8 16. Rde1 Bf8 1/2-1/2

[Event "1st Tilburg Interpolis it"]
[Site "Tilburg NED"]
[Date "1977.10.06"]
[Round "11"]
[White "Olafsson, Fridrik"]
[Black "Sosonko, Gennadi"]
[Result "1/2-1/2"]
[WhiteElo "2560"]
[BlackElo "2530"]
[EventDate "1977.09.23"]
[PlyCount "51"]

1. d4 Nf6 2. c4 e6 3. Nf3 b6 4. e3 Bb7 5. Bd3 c5 6. O-O Be7 7. Nc3 cxd4 8. exd4
d5 9. cxd5 Nxd5 10. Ne5 O-O 11. Qg4 Nf6 12. Qf4 Nc6 13. Rd1 Nb4 14. Bb1 Nbd5
15. Qg3 Nxc3 16. bxc3 Rc8 17. c4 Be4 18. Bb2 Qc7 19. Bxe4 Nxe4 20. Qd3 Nd6 21.
d5 Nf5 22. Nc6 Bd6 23. g3 Rfe8 24. Rac1 Qd7 25. Qf3 e5 26. Qg4 1/2-1/2